Những dòng sông buổi chiều cơn mưa: Truyện ngắn chọn lọc

Salvato in:
Dettagli Bibliografici
Autore principale: Lê Minh Khuê
Natura: Libro
Lingua:Undetermined
Pubblicazione: H. Phụ Nữ 2003
Soggetti:
Tags: Aggiungi Tag
Nessun Tag, puoi essere il primo ad aggiungerne! !
Thư viện lưu trữ: Trung tâm Học liệu Trường Đại học Cần Thơ
LEADER 00558nam a2200193Ia 4500
001 CTU_58384
008 210402s9999 xx 000 0 und d
020 |b 45000 
082 |a 895.922301 
082 |b Kh507 
100 |a Lê Minh Khuê 
245 0 |a Những dòng sông buổi chiều cơn mưa: Truyện ngắn chọn lọc 
245 0 |c Lê Minh Khuê 
260 |a H. 
260 |b Phụ Nữ 
260 |c 2003 
650 |a short stories, vietnamese 
904 |i Minh 
980 |a Trung tâm Học liệu Trường Đại học Cần Thơ